| 000 | 01159nam a22001937a 4500 | ||
|---|---|---|---|
| 003 | OSt | ||
| 005 | 20140407170020.0 | ||
| 008 | 140206b xxu||||| |||| 00| 0 eng d | ||
| 040 | _cमराठी | ||
| 082 | _b230 | ||
| 100 | _aराजवाडे, विश्वनाथ काशिनाथ | ||
| 245 | _aमराठयांच्या इतिहासाची साधने : खंड ७ : गोविंदराव कृष्ण काळे यांचे दप्तर | ||
| 260 |
_aमुंबई _bमहाराष्ट्र इतिहास सांस्कृतिक मंडळ _c1904 |
||
| 300 | _a४३४ पृष्ठे | ||
| 520 | _aमराठयांच्या इतिहासाची साधने, दप्तर-गोविंदराव कृष्ण काळे | ||
| 653 | _aमराठयांच्या इतिहासाची साधने, दप्तर-गोविंदराव कृष्ण काळे | ||
| 856 | _uhttp://dspace.vpmthane.org:8080/jspui/bitstream/123456789/3571/1/230Maharashtra_itehas_Sadhane_Vol.7.pdf | ||
| 942 |
_2ddc _cEBOOK |
||
| 999 |
_c837025 _d837022 |
||